000 00757cam a2200241 a 4500
001 4944075
005 20240208045332.0
008 960423s1997 enk b 001 0 eng
020 _a0415122260 (hbk.)
020 _a0415102073 (pbk.)
040 _aDLC
_cDLC
_dDLC
082 0 0 _a306.74
_220
_bRET.
245 0 0 _aRethinking prostitution :
_bpurchasing sex in the 1990s /
_cedited by Graham Scambler and Annette Scambler.
260 _aLondon ;
_aNew York :
_bRoutledge,
_c1997.
300 _axviii, 222 p. ;
650 0 _aProstitution.
650 0 _aSex industry.
650 0 _aProstitutes
700 1 _aScambler, Graham.
_eedt
700 1 _aScambler, Annette,
_eedt
856 4 2 _uhttp://www.loc.gov/catdir/enhancements/fy0649/96021382-d.html
942 _cL
999 _c338
_d338